000 00885nam a2200217 a 4500
003 0
005 20250313151019.0
008 080723s19uu xx 00 eng d
050 _aPGS BF 723.S3
_b.D563 2008
100 _aDierckx, Ashley.
245 _aOral proficiency in English and self-esteem of ILC and mainstreamed ILC students /
_cAshley Dierckx.
260 _aLas PiƱas City, Philippines :
_bSouthville International School and Colleges,
_c2008.
300 _a36 pages :
_billustrations ;
_c28 cm.
504 _aIncludes bibliographical references.
650 _aEnglish language
_vStudy and teaching
_vForeign speakers.
650 _aOral communication
_vStudy and teaching
_vEnglish language.
650 _aSelf-esteem in children.
650 _aInclusive education
_vPsychological aspects.
650 _aLanguage acquisition
_vSelf-confidence.
942 _2lcc
_cPASS
999 _c97901
_d97901